00377nam a2200109Ia 4500008004100000020001800041100001800059245008200077260004900159300003600208650002300244191129s9999 xx 000 0 und d a9789717892290 aTay, John S H cJohn S H TayaBorn gay:bexamining the scientific evidence for homosexuality/ aSingapore:bArmour Publishing Pte Ltd.c2010 axlviii, 92 p. ;bill. :c21 cm. aSexual Orientation